000 00352 a2200157 4500
001 153526
040 _cEscola São Tomás de Aquino
100 _aSCLIAR, Moacyr
240 1 0 _aNo caminho dos sonhos
_lpor
245 1 0 _aNo caminho dos sonhos
300 _a126
362 0 _a2013
440 1 _aÁtica
697 _a*LITERATURA JUVENIL
942 _cBK
999 _c153526
_d153526